| 000 | 00435cam a22001337a 4500 | ||
|---|---|---|---|
| 008 | 180718b1958 xxu||||| |||| 00| 0 eng d | ||
| 082 | _aZ442x5442 C | ||
| 100 | _aBombay. Crop Loan Evaluation Committee | ||
| 245 | _aReport of Crop Loan Evaluation Committee | ||
| 260 |
_aBombay _bThe Bombay State Co-operative Bank Ltd. _c1958 |
||
| 300 | _a2 Parts | ||
| 500 | _aContents: Pt. 1. 155+p; Pt. 2. 256+p | ||
| 700 | _aKarve, D.G. (Chairman) | ||
| 999 |
_c395972 _d395972 |
||